00686nam a22001937a 450000500170000001000150001702000260003203500140005803700090007208200200008110000230010124500790012425000070020326000570021027000890026730000320035650000770038870000270046520241129112642.0 aENG-142721 c860.00a9789361593000 aEN-126253 bDBAD a338.1095475210 aFeldman, Robert S. aDevelopment Across The Life Span/cBy Robert S. Feldman [and] Nandita Babu a10 aUttar PradeshbPearson India Education Pvt Ltdc2025 bUttar Pradesha1st FLoor, Berger Tower, Plot No. C-001A/2, Sector-16B, Noidae201301 axxvi,695p.c28cm(pb)bIndex aIndian Sociocultural Context | Includes World Events (Covid-19 Pandemic) aBabu, Nandita eAuthor